Statistics for The Hunger Games Characters by Screen Time

Click here to take the quiz!

General Stats

  • This quiz has been taken 293 times
  • The average score is 10 of 20

Answer Stats

Screen Time Answer % Correct
311:45Katniss Everdeen
99%
98:45Peeta Mellark
98%
52:15Gale Hawthorne
87%
21:45Preident Snow
81%
12:45Primrose Everdeen
75%
19:45Effie Trinket
69%
36:15Haymitch Abernathy
65%
27:00Finnick Odair
63%
11:00Johanna Mason
49%
8:00Cinna
45%
18:30Plutarch Heavensbee
38%
10:00Beetee
36%
20:30Alma Coin
34%
14:15Caesar Flickerman
30%
16:00Boggs
24%
16:15Cressida
22%
14:15Pollux
18%
11:00Castor
15%
8:45Lieutenant Jackson
10%
10:00Messalla
9%

Score Distribution

Percentile by Number Answered

Percent of People with Each Score

Your Score History

You have not taken this quiz